Drug today: (Record no. 6661)

MARC details
000 -LEADER
fixed length control field 00431nam a22001457a 4500
003 - CONTROL NUMBER IDENTIFIER
control field GBCCL
005 - DATE AND TIME OF LATEST TRANSACTION
control field 20241126110608.0
008 - FIXED-LENGTH DATA ELEMENTS--GENERAL INFORMATION
fixed length control field 180523b ||||| |||| 00| 0 eng d
040 ## - CATALOGING SOURCE
Transcribing agency gbc
082 ## - DEWEY DECIMAL CLASSIFICATION NUMBER
Classification number 616
Item number DRU
245 ## - TITLE STATEMENT
Title Drug today:
Remainder of title Ready reckoner of current medical formulations /
Statement of responsibility, etc. Edited by K.N. Mishra,...et.al.
260 ## - PUBLICATION, DISTRIBUTION, ETC.
Place of publication, distribution, etc. Delhi:
Name of publisher, distributor, etc. Lorina Publications,
Date of publication, distribution, etc. 1995
300 ## - PHYSICAL DESCRIPTION
Extent 367 p.;
Other physical details col. photos,
Dimensions 21 cm.
942 ## - ADDED ENTRY ELEMENTS (KOHA)
Source of classification or shelving scheme Dewey Decimal Classification
Koha item type Books
Holdings
Withdrawn status Lost status Source of classification or shelving scheme Damaged status Not for loan Home library Current Library Shelving location Date acquired Total checkouts Full call number Barcode Date last seen Copy number Price effective from Koha item type
    Dewey Decimal Classification     GRACE BIBLE COLLEGE GRACE BIBLE COLLEGE General Studies 2018-05-23   616 DRU 006996 2025-05-01 c.1 2018-05-23 Books
© Grace Bible College Library 2025